00932 2200301 4500001002100000005001500021035002500036008004100061020002200102040001700124082001400141084001600155090002000171090002200191100002200213245013400235250001100369260004000380300003800420500003100458650002000489700002800509850001200537007000300549504003400552999002200586990002200608INLIS00000000000274320200623105301 a0010-031500000000211150319s2014 yoia gr ind d a978-602-9431-73-5 aYOPDYOGeind04222a809.8 a809.8 BAS b aDEP 809.8 BAS b aCB-D.11 2014-10290 aBaskara T Wardaya00aBertemu matahari : cerita tentang sakit, ambang maut dan kehidupan baru /cBaskara T Wardaya; penyunting, Antonius Sigit Suryanto aCet. 13 aYogyakarta :bGalang Pustaka,c2014 a192 halaman :bilustrasi ;c21 cm aBibliografi : hlm. 185-186 4aKisah kehidupan0 aAntonius Sigit Suryanto aYOPDYOGta aBibliografi : halaman 185-186 aCB-D.11/2014-1029 aCB-D.11/2014-1029